Españoles de mi tiempo (Record no. 7264)

MARC details
000 -LEADER
campo de control de longitud fija 01009nam a2200277 i 4500
001 - NÚMERO DE CONTROL
campo de control 7264
003 - IDENTIFICADOR DE NÚMERO DE CONTROL
campo de control ES-MaACL
005 - FECHA Y HORA DE LA ÚLTIMA TRANSACCIÓN
campo de control 20250627074754.0
007 - CAMPO FIJO DE DESCRIPCIÓN FÍSICA--INFORMACIÓN GENERAL
campo de control de longitud fija t|
008 - DATOS DE LONGITUD FIJA--INFORMACIÓN GENERAL
campo de control de longitud fija 901114s1989 sp |||| |dspa d
020 ## - NÚMERO INTERNACIONAL ESTÁNDAR DEL LIBRO
Número Internacional Estándar del Libro 84-87095-12-7
080 ## - NÚMERO DE LA CLASIFICACIÓN DECIMAL UNIVERSAL
Número de la Clasificación Decimal Universal 929(460)"18/19"
100 1# - ENTRADA PRINCIPAL--NOMBRE DE PERSONA
Nombre de persona Ors, Eugenio d',
Fechas asociadas al nombre 1881-1954
9 (RLIN) 87358
245 10 - MENCIÓN DEL TÍTULO
Título Españoles de mi tiempo
Resto del título : mi "salón se [i.e. de] los 111" /
Mención de responsabilidad, etc. Eugenio d'Ors ; seleccion de textos, Juan Pablo d'Ors Pérez y Carlos d'Ors Fuhrer.
260 ## - PUBLICACIÓN, DISTRIBUCIÓN, ETC.
Lugar de publicación, distribución, etc. Madrid :
Nombre del editor, distribuidor, etc. Libertarias/Prodhufi,
Fecha de publicación, distribución, etc. 1989.
300 ## - DESCRIPCIÓN FÍSICA
Extensión 179 p. :
Otras características físicas il. ;
Dimensiones 20 cm.
490 1# - MENCIÓN DE SERIE
Mención de serie Tres de cuatro soles. Serie naranja ;
Designación de volumen o secuencia 3
650 14 - PUNTO DE ACCESO ADICIONAL DE MATERIA--TÉRMINO DE MATERIA
Término de materia o nombre geográfico como elemento de entrada Españoles-
Subdivisión cronológica S.XIX-
Subdivisión general Biografías.
9 (RLIN) 12478
650 04 - PUNTO DE ACCESO ADICIONAL DE MATERIA--TÉRMINO DE MATERIA
Término de materia o nombre geográfico como elemento de entrada Españoles-
Subdivisión cronológica S.XX-
Subdivisión general Biografías.
9 (RLIN) 12480
700 1# - ENTRADA AGREGADA--NOMBRE PERSONAL
Nombre de persona Ors Pérez, Juan Pablo d'.
9 (RLIN) 87371
700 1# - ENTRADA AGREGADA--NOMBRE PERSONAL
Nombre de persona Ors Führer, Carlos d'.
9 (RLIN) 87369
830 0# - PUNTO DE ACCESO ADICIONAL DE SERIE-TÍTULO UNIFORME
Título uniforme Tres de cuatro soles. Serie naranja ;
Designación de volumen o secuencia 3
9 (RLIN) 227873
852 ## - LOCALIZACIÓN
Ubicación ES-MaACL
Número de control de estantería L-14565
Nota libre - Enc. cart.
942 ## - ELEMENTOS DE ENTRADA SECUNDARIOS (KOHA)
Fuente del sistema de clasificación o colocación Clasificación decimal universal
Holdings
Estatus retirado Estado de pérdida Estado de daño No para préstamo Biblioteca de origen Biblioteca actual Ubicación en estantería Fecha de adquisición Fuente de adquisición Total de préstamos Signatura topográfica completa Código de barras Visto por última vez Precio de reemplazo Tipo de ítem Koha
        Biblioteca del Ateneo de Madrid Biblioteca del Ateneo de Madrid Depósito 2 17/01/2008     L-14565 1007410 23/02/2023 23/02/2023 Libro impreso